<?xml version="1.0" encoding="UTF-8"?>
<record
    xmlns:xsi="http://www.w3.org/2001/XMLSchema-instance"
    xsi:schemaLocation="http://www.loc.gov/MARC21/slim http://www.loc.gov/standards/marcxml/schema/MARC21slim.xsd"
    xmlns="http://www.loc.gov/MARC21/slim">

  <leader>01456nam a2200277   4500</leader>
  <controlfield tag="001">114123</controlfield>
  <controlfield tag="003">DR-UNIBE</controlfield>
  <controlfield tag="005">20251002062558.0</controlfield>
  <controlfield tag="008">251001b2011    dr ||||| |||| 00| 1 spa d</controlfield>
  <datafield tag="020" ind1=" " ind2=" ">
    <subfield code="a">978994541483</subfield>
  </datafield>
  <datafield tag="040" ind1=" " ind2=" ">
    <subfield code="a">BIBLIOTECA UNIBE</subfield>
    <subfield code="b">spa</subfield>
    <subfield code="c">BIBLIOTECA UNIBE</subfield>
    <subfield code="e">rda</subfield>
  </datafield>
  <datafield tag="041" ind1=" " ind2=" ">
    <subfield code="a">spa</subfield>
  </datafield>
  <datafield tag="090" ind1=" " ind2=" ">
    <subfield code="a">FBIU-PUCMM CI D618</subfield>
  </datafield>
  <datafield tag="245" ind1="1" ind2="0">
    <subfield code="a">Diversion, color y fantas&#xED;a:</subfield>
    <subfield code="b">cuentos de ni&#xF1;os y ni&#xF1;as dominicanas /</subfield>
    <subfield code="c">presentaci&#xF3;n: Josefina Pimentel ; edici&#xF3;n y pr&#xF3;logo: Liliana Montenegro ; compilaci&#xF3;n: Equipo T&#xE9;cnico Programa Escuelas Efectivas-Lengua espa&#xF1;ola</subfield>
  </datafield>
  <datafield tag="250" ind1=" " ind2=" ">
    <subfield code="a">Primera edici&#xF3;n</subfield>
  </datafield>
  <datafield tag="260" ind1=" " ind2=" ">
    <subfield code="a">Santiago de los Caballeros : </subfield>
    <subfield code="b">Pontificia Universidad Cat&#xF3;lica Madre y Maestra (PUCMM), </subfield>
    <subfield code="c">2011</subfield>
  </datafield>
  <datafield tag="300" ind1=" " ind2=" ">
    <subfield code="a">169 p&#xE1;ginas :</subfield>
    <subfield code="b">ilustraciones ;</subfield>
    <subfield code="c">23 x 18 cm</subfield>
  </datafield>
  <datafield tag="490" ind1=" " ind2=" ">
    <subfield code="a">PUCMM. Colecci&#xF3;n contempor&#xE1;neos</subfield>
  </datafield>
  <datafield tag="500" ind1=" " ind2=" ">
    <subfield code="a">Incluye glosario, fotos de los ni&#xF1;os escritores  de primero a cuarto grados de escuelas de escuelas de Santiago de los Caballeros, La Vega, Moca y otras que participaron en el  cuarto concurso anual promovido por la PUCMM y el Programa Escuelas Efectivas-Lengua Espa&#xF1;ola</subfield>
  </datafield>
  <datafield tag="653" ind1=" " ind2="7">
    <subfield code="a">Cuentos infantiles dominicanos </subfield>
  </datafield>
  <datafield tag="653" ind1=" " ind2="7">
    <subfield code="a"> Literatura infantil dominicana</subfield>
  </datafield>
  <datafield tag="700" ind1="1" ind2="0">
    <subfield code="a">Montenegro, Liliana</subfield>
    <subfield code="9">55076</subfield>
    <subfield code="e">editor</subfield>
    <subfield code="e">prologuista</subfield>
  </datafield>
  <datafield tag="700" ind1=" " ind2="0">
    <subfield code="a">Pimentel Valenzuela, Josefina</subfield>
    <subfield code="e">presentaci&#xF3;n</subfield>
    <subfield code="9">28758</subfield>
  </datafield>
  <datafield tag="710" ind1="1" ind2="0">
    <subfield code="a">Equipo T&#xE9;cnico Programa Escuelas Efectivas-Lengua Epa&#xF1;ola</subfield>
    <subfield code="9">55083</subfield>
    <subfield code="e">compilador</subfield>
  </datafield>
  <datafield tag="942" ind1=" " ind2=" ">
    <subfield code="2">ddc</subfield>
    <subfield code="c">BK</subfield>
  </datafield>
  <datafield tag="999" ind1=" " ind2=" ">
    <subfield code="c">114123</subfield>
    <subfield code="d">114123</subfield>
  </datafield>
  <datafield tag="952" ind1=" " ind2=" ">
    <subfield code="0">0</subfield>
    <subfield code="1">0</subfield>
    <subfield code="2">ddc</subfield>
    <subfield code="7">1</subfield>
    <subfield code="8">FBIU</subfield>
    <subfield code="a">Principal</subfield>
    <subfield code="d">2025-08-01</subfield>
    <subfield code="l">0</subfield>
    <subfield code="o">FBIU-PUCMM CI D618</subfield>
    <subfield code="p">FBIU0901</subfield>
    <subfield code="r">2025-10-01 13:59:07</subfield>
    <subfield code="t">EJ.1 </subfield>
    <subfield code="w">2025-10-01</subfield>
    <subfield code="y">BK-RES</subfield>
  </datafield>
</record>
